| 000 | 02189nam0a22004811 4500 | ||
|---|---|---|---|
| 001 | RU\NLR\bibl\1819837 | ||
| 005 | 20260409070521.0 | ||
| 010 |
_a978-5-211-05875-0 _91500 |
||
| 021 |
_aRU _b2011-70984 _95030 |
||
| 035 | _a(nilc)RSL-KNO-005024147 | ||
| 035 | _a(NLR Aleph) 001810404 | ||
| 090 |
_a1863468 _c1863468 |
||
| 100 | _a20110912d2011 |||y0rusy50 ca | ||
| 101 | 0 |
_arus _crus _deng |
|
| 102 | _aRU | ||
| 105 | _aa ||||||||| | ||
| 200 | 1 |
_aМоральные уроки XX века _dMoral lessons of the 20th century _eдиалоги _fМихаил Горбачев, Дайсаку Икеда _zeng |
|
| 205 | _a2-е изд. | ||
| 210 |
_aМосква _cИзд-во Московского ун-та _d2011 |
||
| 215 |
_a233, [3] с., [8] л. цв. ил., портр. _d22 |
||
| 225 | 1 |
_aВерить в человека _eизбранные сочинения Дайсаку Икеды |
|
| 300 | _aАвт. также на англ. яз.: Mikhail Gorbachev, Daisaku Ikeda | ||
| 300 | _aРез. на англ. яз. | ||
| 510 | 0 |
_6z11790 _aMoral lessons of the 20th century _zeng |
|
| 606 | 1 |
_aНовейшая история _z20 в. _92104078 _3RU\NLR\auth\661272199 |
|
| 606 |
_aПерестройка социально-экономической жизни общества _yСССР _3RU\NLR\auth\66316855 _91472899 |
||
| 686 |
_aС555.56,0 _2rubbk |
||
| 686 | _aТ3(0)6,02 | ||
| 686 | _aТ3(2)74,02 | ||
| 700 | 1 |
_4070 _8rus _7ca _aГорбачев _bМ. С. _cгос. деятель _f1931-2022 _gМихаил Сергеевич _3RU\NLR\AUTH\7710834 _9120598 |
|
| 701 | 1 |
_4070 _8rus _7ca _aИкеда _bД. _gДайсаку _f1928-2023 _3RU\NLR\AUTH\7710833 _9120597 |
|
| 790 | 1 |
_4070 _8rus _7ba _aGorbačev _bM. S. _cгос. деятель _f1931-2022 _gMichail Sergeevič _3RU\NLR\AUTH\77110387 _993312 |
|
| 790 | 1 |
_4070 _8eng _7ba _aIkeda _bD. _gDaisaku _f1928-2023 _3RU\NLR\AUTH\77109383 _992308 |
|
| 801 | 0 |
_aRU _bRuMoRKP _c20110912 _grcr |
|
| 801 | 1 |
_aRU _bРГБ _c20110912 |
|
| 801 | 2 |
_aRU _bNLR _c20111013 _grcr |
|
| 852 |
_aNLR _bОЛСАА-сл-спр _j3-5355 |
||
| 942 | _cBOOK | ||
| 980 | _aNB | ||
| 980 | _aNBR | ||
| 980 | 1 | _aSL_SPR | |